Matemáticas : (Registro nro. 20091)

Detalles MARC
000 -LEADER
campo de control de longitud fija 05506cam a22008414i 4500
003 - IDENTIFICADOR DE NÚMERO DE CONTROL
campo de control PE-LiUPU
005 - FECHA Y HORA DE LA ÚLTIMA TRANSACCIÓN
campo de control 20250731180107.0
008 - DATOS DE LONGITUD FIJA--INFORMACIÓN GENERAL
campo de control de longitud fija 150518s2015 pe a rb 001 0 spa d
020 ## - NÚMERO INTERNACIONAL ESTÁNDAR DEL LIBRO
Número Internacional Estándar del Libro 9786124179198
Información calificativa (Tomo I)
020 ## - NÚMERO INTERNACIONAL ESTÁNDAR DEL LIBRO
Número Internacional Estándar del Libro 9786124179174
Información calificativa (Tomo II)
035 ## - NÚMERO DE CONTROL DEL SISTEMA
Número de control de sistema (Sirsi) i9786124179198
040 ## - FUENTE DE CATALOGACIÓN
Centro catalogador/agencia de origen PE-LiUPU
Lengua de catalogación spa
Centro/agencia transcriptor PE-LiUPU
Normas de descripción rda
049 ## - FONDOS LOCALES (OCLC)
Biblioteca depositaria PRUA
082 04 - NÚMERO DE LA CLASIFICACIÓN DECIMAL DEWEY
Número de clasificación 512.9
Cutter L74
100 1# - ENTRADA PRINCIPAL--NOMBRE DE PERSONA
Nombre de persona Loa, Gabriel,
Término indicativo de función/relación autor.
245 10 - MENCIÓN DEL TÍTULO
Título Matemáticas :
Resto del título con aplicaciones en ciencias de la empresa /
Mención de responsabilidad, etc. Gabriel Loa.
250 ## - MENCION DE EDICION
Mención de edición Primera edición.
264 #1 - PRODUCCIÓN, PUBLICACIÓN, DISTRIBUCIÓN, FABRICACIÓN Y COPYRIGHT
Producción, publicación, distribución, fabricación y copyright Lima, Peru :
Nombre del de productor, editor, distribuidor, fabricante Megabyte Grupo editorial,
Fecha de producción, publicación, distribución, fabricación o copyright 2015.
300 ## - DESCRIPCIÓN FÍSICA
Extensión 2 tomos :
Otras características físicas ilustraciones ;
Dimensiones 25 cm.
336 ## - TIPO DE CONTENIDO
Término de tipo de contenido text
Fuente rdacontent
337 ## - TIPO DE MEDIO
Nombre/término del tipo de medio unmediated
Fuente rdamedia
338 ## - TIPO DE SOPORTE
Nombre/término del tipo de soporte volume
Fuente rdacarrier
490 0# - MENCIÓN DE SERIE
Mención de serie Colección ADMEC
504 ## - NOTA DE BIBLIOGRAFÍA, ETC.
Nota de bibliografía, etc. Bibliografía (Tomo I) : página 691.
504 ## - NOTA DE BIBLIOGRAFÍA, ETC.
Nota de bibliografía, etc. Índice de tablas (Tomo I) : páginas 677-684.
504 ## - NOTA DE BIBLIOGRAFÍA, ETC.
Nota de bibliografía, etc. Índice de figuras (Tomo I) : páginas 685-690.
504 ## - NOTA DE BIBLIOGRAFÍA, ETC.
Nota de bibliografía, etc. Bibliografía (Tomo II) : página 609.
504 ## - NOTA DE BIBLIOGRAFÍA, ETC.
Nota de bibliografía, etc. Índice de tablas (Tomo II) : páginas 597-602.
504 ## - NOTA DE BIBLIOGRAFÍA, ETC.
Nota de bibliografía, etc. Índice de figuras (Tomo II) : páginas 603-608.
505 00 - NOTA DE CONTENIDO CON FORMATO
Información miscelánea Tomo 1.
Título Numeros Reales -- Ecuaciones -- Desigualdades -- Relaciones -- Fuciones -- Sistemas de ecuaciones -- Logica matematica -- Introduccion a la programacion lineal --
Información miscelánea Tomo 2.
Título Matrices, determinates y Sistemas de seguridad de ecuaciones lineales -- Límite y Continuidad de una función -- La derivada de la función -- Aplicación de la derivada -- La integral indefinida -- Tecnicas de integración -- Integral definida -- Áreas y aplicacion de la integral.
505 0# - NOTA DE CONTENIDO CON FORMATO
Información miscelánea Tomo 1.
Título Matrices -- Determinantes y sistema de Ecuación líneal -- Límite y Continuidad de unafunción -- La derivadade una función -- Aplicación de la derivada -- La Integral indefinida -- Técnicasde Integración -- La integral definida -- Areas y aplicaciones de la integral.
526 ## - NOTA DE INFORMACIÓN SOBRE EL PROGRAMA DE ESTUDIO
Nombre del programa Segunda Especialidad En Estadística Aplicada Para Investigación (A Distancia)
526 ## - NOTA DE INFORMACIÓN SOBRE EL PROGRAMA DE ESTUDIO
Nombre del programa Segunda Especialidad En Estadística Aplicada Para Investigación
526 ## - NOTA DE INFORMACIÓN SOBRE EL PROGRAMA DE ESTUDIO
Nombre del programa Odontología
526 ## - NOTA DE INFORMACIÓN SOBRE EL PROGRAMA DE ESTUDIO
Nombre del programa Tecnología Médica En Terapia Física Y Rehabilitación (A Distancia)
526 ## - NOTA DE INFORMACIÓN SOBRE EL PROGRAMA DE ESTUDIO
Nombre del programa Tecnología Médica En Terapia Física Y Rehabilitación (Semipresencial)
526 ## - NOTA DE INFORMACIÓN SOBRE EL PROGRAMA DE ESTUDIO
Nombre del programa Tecnología Médica En Laboratorio Clínico Y Anatomía Patológica
526 ## - NOTA DE INFORMACIÓN SOBRE EL PROGRAMA DE ESTUDIO
Nombre del programa Ingeniería De Ciencia De Datos E Inteligencia Artificial
526 ## - NOTA DE INFORMACIÓN SOBRE EL PROGRAMA DE ESTUDIO
Nombre del programa Ingeniería Ambiental (Semipresencial)
526 ## - NOTA DE INFORMACIÓN SOBRE EL PROGRAMA DE ESTUDIO
Nombre del programa Nutrición humana
526 ## - NOTA DE INFORMACIÓN SOBRE EL PROGRAMA DE ESTUDIO
Nombre del programa Medicina humana
526 ## - NOTA DE INFORMACIÓN SOBRE EL PROGRAMA DE ESTUDIO
Nombre del programa Ingeniería de industrias alimentarias
526 ## - NOTA DE INFORMACIÓN SOBRE EL PROGRAMA DE ESTUDIO
Nombre del programa Ingeniería civil
526 ## - NOTA DE INFORMACIÓN SOBRE EL PROGRAMA DE ESTUDIO
Nombre del programa Ingeniería ambiental
526 ## - NOTA DE INFORMACIÓN SOBRE EL PROGRAMA DE ESTUDIO
Nombre del programa Enfermería
526 ## - NOTA DE INFORMACIÓN SOBRE EL PROGRAMA DE ESTUDIO
Nombre del programa Educación secundaria, especialidad matemática e informática
526 ## - NOTA DE INFORMACIÓN SOBRE EL PROGRAMA DE ESTUDIO
Nombre del programa Educación secundaria, especialidad ambiental, biología y química
541 ## - NOTA DE FUENTE DE ADQUISICIÓN DIRECTA
-- 002-000061;
596 ## -
-- 1 2 3
650 #7 - PUNTO DE ACCESO ADICIONAL DE MATERIA--TÉRMINO DE MATERIA
Término de materia o nombre geográfico como elemento de entrada Matemática (Archivo de computadora).
Fuente del encabezamiento o término embne
910 ## - DATOS DE OPCIÓN DEL USUARIO (OCLC)
Datos de opción del usuario jche
-- jkc
-- jche
-- 20150518
910 ## - DATOS DE OPCIÓN DEL USUARIO (OCLC)
-- tqv
-- jfb
-- 20180301
942 ## - ELEMENTOS DE ENTRADA SECUNDARIOS (KOHA)
Fuente del sistema de clasificación o colocación Clasificación Decimal Dewey
Tipo de ítem Koha
949 ## - PROCESAMIENTO DE INFORMACIÓN LOCAL (OCLC)
a 512.9 L74 1
w DEWEY
c 1
i 71368
l CCODEBUL1
m BUL
p 20.65
r 0
s Y
t BOOK
u 2015-5-18
x FCE
-- P04
0 COMPRA
o .STAFF. Colección General
949 ## - PROCESAMIENTO DE INFORMACIÓN LOCAL (OCLC)
a 512.9 L74 2
w DEWEY
c 1
i 71369
l CCODEBUL1
m BUL
p 20.65
r 0
s Y
t BOOK
u 2015-5-18
x FCE
-- P04
0 COMPRA
o .STAFF. Colección General
949 ## - PROCESAMIENTO DE INFORMACIÓN LOCAL (OCLC)
a 512.9 L74 1
w DEWEY
c 1
i FT03281
l CCODEBUT1
m BUT
p 20.61
r 0
s Y
t BOOK
u 2016-08-12
x FCE
-- P06
0 COMPRA
o .STAFF. Colección Genera
949 ## - PROCESAMIENTO DE INFORMACIÓN LOCAL (OCLC)
a 512.9 L74 1
w DEWEY
c 1
i FT00454
l CCODEBUT1
m BUT
p 20.61
r 0
s Y
t BOOK
u 2016-08-12
x FIA
-- P06
0 COMPRA
o .STAFF. Colección General
949 ## - PROCESAMIENTO DE INFORMACIÓN LOCAL (OCLC)
a 512.9 L74 2
w DEWEY
c 1
i FT02037
l CCODEBUT1
m BUT
p 20.61
r 0
s Y
t BOOK
u 2016-08-12
x FIA
-- P06
0 COMPRA
o .STAFF. Colección General
949 ## - PROCESAMIENTO DE INFORMACIÓN LOCAL (OCLC)
a 512.9 L74 2
w DEWEY
c 1
i FT03282
l CCODEBUT1
m BUT
p 20.61
r 0
s Y
t BOOK
u 2016-08-12
x FIA
-- P06
0 COMPRA
o .STAFF. Colección General
949 ## - PROCESAMIENTO DE INFORMACIÓN LOCAL (OCLC)
a 512.9 L74 T1 2015
w DEWEY
c 1
i FJ11077
l CCODEBUJ1
m BUJ
p 20.61
r 0
s Y
t BOOK
u 2018-07-04
x FCE
-- P08
0 COMPRA
o .STAFF. Colección General Juliaca
949 ## - PROCESAMIENTO DE INFORMACIÓN LOCAL (OCLC)
a 512.9 L74 T2 2015
w DEWEY
c 1
i FJ11076
l CCODEBUJ1
m BUJ
p 20.61
r 0
s Y
t BOOK
u 2018-07-04
x FCE
-- P08
0 COMPRA
o .STAFF. Colección General Juliaca
994 ## -
-- C0
-- PEPRU
999 ## - NÚMEROS DE CONTROL DE SISTEMA (KOHA)
-- DEWEY
-- 71368
-- 2018-4-5
-- 2021-11-5
-- 6
-- CCODEBUL1
-- BUL
-- 4
-- 20.65
-- 4
-- 0
-- Y
-- BOOK
-- 2015-5-18
-- BIBLIOTECA
-- P04
-- COMPRA
-- .STAFF. Colección General
999 ## - NÚMEROS DE CONTROL DE SISTEMA (KOHA)
-- DEWEY
-- 71369
-- 2018-4-5
-- 2021-11-5
-- 6
-- CCODEBUL1
-- BUL
-- 6
-- 20.65
-- 5
-- 0
-- Y
-- BOOK
-- 2015-5-18
-- BIBLIOTECA
-- P04
-- COMPRA
-- .STAFF. Colección General
999 ## - NÚMEROS DE CONTROL DE SISTEMA (KOHA)
-- DEWEY
-- FT03281
-- 2022-4-19
-- 2019-2-20
-- 1
-- CCODEBUT1
-- BUT
-- 1
-- 20.61
-- 0
-- N
-- BOOK
-- 2017-10-11
-- INGENIERIA
-- P06
-- COMPRA
-- .STAFF. Colección General
999 ## - NÚMEROS DE CONTROL DE SISTEMA (KOHA)
-- DEWEY
-- FT00454
-- 2017-10-19
-- 2019-2-20
-- 1
-- CCODEBUT1
-- BUT
-- 1
-- 20.61
-- 0
-- Y
-- BOOK
-- 2017-10-11
-- INGENIERIA
-- P06
-- COMPRA
-- .STAFF. Colección General
999 ## - NÚMEROS DE CONTROL DE SISTEMA (KOHA)
-- DEWEY
-- FT02037
-- 2019-2-20
-- 1
-- CCODEBUT1
-- BUT
-- 20.61
-- 0
-- Y
-- BOOK
-- 2017-10-11
-- INGENIERIA
-- P06
-- COMPRA
-- .STAFF. Coloección General
999 ## - NÚMEROS DE CONTROL DE SISTEMA (KOHA)
-- DEWEY
-- FT03282
-- 2017-10-30
-- 2019-2-20
-- 1
-- CCODEBUT1
-- BUT
-- 1
-- 20.61
-- 0
-- Y
-- BOOK
-- 2017-10-11
-- INGENIERIA
-- P06
-- COMPRA
-- .STAFF. Colección General
999 ## - NÚMEROS DE CONTROL DE SISTEMA (KOHA)
-- DEWEY
-- FJ11076
-- 2019-4-10
-- 2022-1-19
-- 3
-- CCODEBUJ1
-- BUJ
-- 2
-- 20.61
-- 6
-- 0
-- Y
-- BOOK
-- 2018-7-5
-- FCE
-- P08
-- COMPRA
-- .STAFF. Colección General Juliaca
999 ## - NÚMEROS DE CONTROL DE SISTEMA (KOHA)
-- DEWEY
-- FJ11077
-- 2019-8-6
-- 2022-1-19
-- 3
-- CCODEBUJ1
-- BUJ
-- 1
-- 20.61
-- 2
-- 0
-- Y
-- BOOK
-- 2018-7-5
-- FCE
-- P08
-- COMPRA
-- .STAFF. Colección General Juliaca
980 ## - EQUIVALENCIA O REFERENCIA-CRUZADA-MENCIÓN DE SERIE--NOMBRE DE PERSONA/TÍTULO [LOCAL, CANADÁ]
ID del último usuario que modificó el registro 1
Nombre del último usuario que modificó el registro ALBERTO SANCHEZ Responsable de Automatización
Existencias
Visto por última vez Número de inventario Total de préstamos Signatura topográfica completa Código de barras Fecha del último préstamo Copia número Coste, precio de reemplazo Fecha de reemplazo Facultad Tipo de ítem Koha Nota pública Estado de pérdida Fuente del sistema de clasificación o colocación Restricciones de uso No para préstamo Colección Programa académico Biblioteca de origen Biblioteca actual Ubicación en estantería Fecha de adquisición Fuente de adquisición Coste, precio normal de compra Fecha de entrega
2025-12-02 7 5 512.9 L74 1 71368 2023-03-29 e1 25.65 2015-05-18 FACIHED Libros físicos inventario-2023-12-13 No Perdido Clasificación Decimal Dewey No restringido Disponible para préstamos Colección General Educación secundaria, especialidad matemática e informática Biblioteca CRAI UPeU Lima Biblioteca CRAI UPeU Lima Sala principal 2015-05-18 COMPRA 20.65  
2026-05-12 7 8 512.9 L74 2 71369 2026-05-12 e1 25.65 2015-05-18 FACIHED Libros físicos inventario-2023-12-13 No Perdido Clasificación Decimal Dewey No restringido Disponible para préstamos Colección General Educación secundaria, especialidad matemática e informática Biblioteca CRAI UPeU Lima Biblioteca CRAI UPeU Lima Sala principal 2015-05-18 COMPRA 20.65 2026-05-15